000 01025nam a2200253Ia 4500
003 OSt
005 20220930094856.0
006 a|||||r|||| 00| 0
007 ta
008 220926b |||||||| |||| 00| 0 hin d
024 _a32433
037 _cTheses
040 _aCRL
_cCRL
_bhin
041 _2hin
_ahin
100 _aकुमार, शिवमंगल, ले.
110 _aदिल्ली विश्वविद्यालय. कला संकाय. हिन्दी
_9556530
245 0 _aरीति-तत्त्व के विकास में भक्तिकालीन काव्य की भूमिका
246 _aRīti-tattva ke vikās mean bhaktikālīn kāvya kī bhūmikā
260 _c2014
300 _a369पृ.
_ap.
_ccm.
700 _aदिल्ली विश्वविद्यालय. कला संकाय. हिन्दी
_9556531
942 _cDIS
_2CC
999 _c887836
_d887836